000
00340nam a2200133Ia 4500
008
220216s9999 xx 000 0 und d
100
_a
Bugbee H C
245
0
_a
Commercial developments in natural rubber
260
_b
Rubber Developments
_c
1958
300
_a
38-44
650
_a
Natural rubber
650
_a
Rubberized roads
942
_c
JS
999
_c
55872
_d
55872